000 00613nam a2200205 i 4500
001 37856
003 ES-MaACL
005 20250805062602.0
007 t|
008 030224s1923 fr |||| | fre d
100 1 _aBureau, Paul.
_932600
245 1 0 _aIntroduction áa la méthode sociologique /
_cPaul Bureau.
260 _a[S.l. :
_bs.n.,
_c1923] (
_eChatillon sur Seine :
_fEuvrard Pechat)
300 _a328 p. ;
_c23 cm.
490 1 _aLa science des moeurs
650 7 _aSociología
_2embne
_917195
830 0 _aLa science des moeurs
_9229657
852 _aES-MaACL
_jF-4979
999 _c37856
_d37856